[Event "AUTO-INT-630"]
[Site "http://www.queenalice.com/game.php?id=277991"]
[Date "2007.9.27"]
[Round "1"]
[White "toomlee"]
[Black "Ivan1"]
[Result "0-1"]
[WhiteElo "1561"]
[BlackElo "1455"]

1. e4 c5 2. Nc3 d6 3. Nf3 Nf6 4. Bc4 e6 5. O-O Be7 6. d3 h6 7. Bb5+ Bd7 8. e5
dxe5 9. Nxe5 O-O 10. Qf3 Nc6 11. Qg3 Bd6 12. Bxh6 Nh5 13. d4 Nxg3 14. fxg3 Bxe5
15. dxe5 gxh6 16. Rad1 Nxe5 17. Rfe1 Qc7 18. Rxd7 Nxd7 19. Ne4 Qa5 20. Rd1 Qxb5
21. Nc3 Rad8 22. Nxb5 Nf6 23. Re1 a6 24. Nc3 Rd2 25. Nb1 Rxc2 26. Na3 Rxb2 27.
Nc4 Rxa2 28. Nd6 b5 29. Rf1 Kg7 30. Nb7 c4 31. Rd1 Nd5 32. Re1 c3 33. Nc5 Rc8
34. Nd7 c2 35. Rc1 Rb2 36. Nc5 Rxc5 37. g4 Rb1 38. Rxb1 cxb1=Q+ 39. Kf2 Rc3 40.
Ke2 Qb2+ 41. Kd1 Rc1# 0-1

[Event "AUTO-INT-630"]
[Site "http://www.queenalice.com/game.php?id=277992"]
[Date "2007.9.27"]
[Round "1"]
[White "Ivan1"]
[Black "Cristianopesoa"]
[Result "0-1"]
[WhiteElo "1312"]
[BlackElo "1517"]

1. e4 e5 2. Nf3 Nc6 3. Bc4 Nf6 4. Nc3 Bc5 5. O-O h6 6. d3 d6 7. h3 g5 8. a3 g4
9. hxg4 Bxg4 10. Re1 Nd4 11. Be3 Nxf3+ 12. gxf3 Rg8 13. fxg4 Nxg4 14. Kf1 Bxe3
15. fxe3 Qf6+ 0-1

[Event "AUTO-INT-630"]
[Site "http://www.queenalice.com/game.php?id=277993"]
[Date "2007.9.27"]
[Round "1"]
[White "Cristianopesoa"]
[Black "Ivan1"]
[Result "1-0"]
[WhiteElo "1561"]
[BlackElo "1388"]

1. e4 e5 2. Nf3 Nc6 3. Bc4 Nf6 4. d3 h6 5. Nc3 Bc5 6. h3 O-O 7. g4 Nd4 8. Nxe5
d6 9. Ng6 Re8 10. g5 Kh7 11. Bxf7 Re7 12. Nxe7 hxg5 13. Ned5 Qf8 14. Nxf6+ gxf6
15. Bh5 Qh6 16. h4 Ne6 17. Bg4 Bd7 18. Bf5+ Kg7 19. h5 Rd8 20. Nd5 c6 21. Nxf6
Kxf6 22. Rg1 Ng7 23. Bxg5+ Qxg5 24. Rxg5 Kxg5 25. Qg4+ Kf6 26. Qg6+ Ke7 27.
Qxg7+ 1-0

[Event "AUTO-INT-630"]
[Site "http://www.queenalice.com/game.php?id=277994"]
[Date "2007.9.27"]
[Round "1"]
[White "Ivan1"]
[Black "ricardofortaleza"]
[Result "1-0"]
[WhiteElo "1395"]
[BlackElo "1362"]

1. c4 e5 2. d3 Nf6 3. g3 Bb4+ 4. Bd2 c5 5. a3 Bxd2+ 6. Qxd2 O-O 7. Bg2 d5 8.
cxd5 Nxd5 9. e4 Nf6 10. Nf3 c4 11. dxc4 Nc6 12. Qe2 Qa5+ 13. Nc3 Bg4 14. O-O Nd4
15. Qd1 Bxf3 16. Bxf3 Rad8 17. b4 Qb6 18. Nd5 Qd6 19. Qd3 Nxd5 20. exd5 Qh6 21.
Bd1 Qh3 22. Qe4 1-0

[Event "AUTO-INT-630"]
[Site "http://www.queenalice.com/game.php?id=277995"]
[Date "2007.9.27"]
[Round "1"]
[White "ricardofortaleza"]
[Black "Ivan1"]
[Result "0-1"]
[WhiteElo "1378"]
[BlackElo "1379"]

1. e4 e5 2. Nf3 Nc6 3. Bb5 Qe7 4. O-O Nf6 5. d3 h6 6. Nc3 a6 7. Bc4 d6 8. d4
exd4 9. Nxd4 Nxd4 10. Qxd4 c5 11. Qd3 b5 12. Nxb5 axb5 13. Bxb5+ Bd7 14. e5 dxe5
15. b3 Rd8 16. a4 Bxb5 17. Qxb5+ Nd7 18. Ba3 Qd6 19. b4 Rc8 20. bxc5 Qc6 21.
Rae1 Qxb5 22. axb5 f6 0-1

[Event "AUTO-OPEN-769"]
[Site "http://www.queenalice.com/game.php?id=301126"]
[Date "2007.11.9"]
[Round "2"]
[White "Roman"]
[Black "Ivan1"]
[Result "1-0"]
[WhiteElo "2013"]
[BlackElo "1506"]

1. e4 c5 2. Nf3 d6 3. d4 b6 4. dxc5 bxc5 5. Qd5 Nc6 6. Qxc6+ Bd7 7. Qd5 Nf6 8.
Qd3 g6 9. Nc3 e6 10. Be2 Bg7 11. O-O a6 12. Bf4 e5 13. Bg5 h6 14. Bxf6 Qxf6 15.
Rad1 O-O 16. Nd5 Qd8 17. c4 Ba4 18. b3 Bc6 19. Nc3 Qd7 20. Qxd6 Qb7 21. Qxc5
Rfe8 22. Rd6 Bf8 23. Qxc6 Qb4 24. Rd3 Qa5 25. Rfd1 Rac8 26. Qa4 Qb6 27. Nd5 Qa7
28. Nf6+ Kg7 29. Nxe8+ Kh7 30. Nxe5 Qe7 31. Ng4 Rxe8 32. Rd7 Qxe4 33. Rxf7+ Kh8
34. Rdd7 Qb1+ 35. Rd1 Qe4 36. Rh7+ Kxh7 37. Nf6+ Kg7 38. Nxe4 Rxe4 39. Rd7+ Be7
40. Kf1 Re6 41. c5 Kf6 42. c6 Bd6 43. Qh4+ g5 44. Qxh6+ Kf5 45. Bd3+ Ke5 46.
Qxg5+ Kd4 47. Bc4 Re5 48. Rxd6+ Ke4 49. f3# 1-0

[Event "AUTO-OPEN-769"]
[Site "http://www.queenalice.com/game.php?id=301127"]
[Date "2007.11.9"]
[Round "2"]
[White "Ivan1"]
[Black "Roman"]
[Result "1-0"]
[WhiteElo "1475"]
[BlackElo "2019"]

1. e4 e6 2. Nc3 Bb4 3. a3 Ba5 4. g3 Nc6 5. b4 Bb6 6. Bg2 d6 7. Nf3 Nf6 8. O-O
Nd4 9. Nxd4 Bd7 10. Nf3 a6 11. d4 c6 12. Bg5 h6 13. Bxf6 Qxf6 14. Re1 O-O 15. e5
Qe7 16. a4 Rfd8 17. Qd3 c5 18. bxc5 dxc5 19. dxc5 Bxc5 20. Ne4 Bc6 21. Qc4 Bxe4
22. Qxe4 Rd7 23. Bf1 Rad8 24. Bd3 g6 25. h4 Qf8 26. h5 Qg7 27. hxg6 fxg6 28. Qc4
Bd4 29. Rad1 Qf7 30. Kg2 Ba7 31. Nh4 Qxf2+ 32. Kh3 Qb6 33. Nxg6 Rg7 34. Rf1 Rc7
35. Qh4 Rh7 36. Nf4 Rg7 37. Kh2 Bb8 38. Nxe6 1-0

[Event "AUTO-OPEN-769"]
[Site "http://www.queenalice.com/game.php?id=301130"]
[Date "2007.11.9"]
[Round "2"]
[White "aquiles88"]
[Black "Ivan1"]
[Result "1-0"]
[WhiteElo "2216"]
[BlackElo "1508"]

1. e4 e5 2. Nf3 Nc6 3. Bb5 a6 4. Ba4 Nf6 5. O-O b5 6. Bb3 Bc5 7. Nxe5 Nxe5 8. d4
Bxd4 9. Qxd4 d6 10. c3 c5 11. Qd1 Nxe4 12. Bd5 Nxf2 13. Rxf2 Rb8 14. Nd2 O-O 15.
Nf3 Bg4 16. Bf4 Re8 17. Qd2 Nc4 18. Bxc4 bxc4 19. Qxd6 Qb6 20. Qxb6 Rxb6 21. Rd1
Rbe6 22. Rd5 Re4 23. Bg3 Rc8 24. Rfd2 h6 25. Kf2 Be6 26. Rd8+ Rxd8 27. Rxd8+ Kh7
28. Ra8 Bd5 29. Rxa6 Re7 30. Rb6 Ra7 31. a3 Be6 32. Nd2 Rd7 33. Ke2 Bg4+ 34. Nf3
Rd3 35. h3 Bh5 36. a4 Rd7 37. a5 Ra7 38. a6 Bg6 39. Bb8 Ra8 40. Ne5 f6 41. Nxg6
Kxg6 42. a7 Kf5 43. Rc6 Ke4 44. Rxc5 f5 45. g3 f4 46. Re5# 1-0

[Event "AUTO-OPEN-769"]
[Site "http://www.queenalice.com/game.php?id=301131"]
[Date "2007.11.9"]
[Round "2"]
[White "Ivan1"]
[Black "aquiles88"]
[Result "0-1"]
[WhiteElo "1510"]
[BlackElo "2209"]

1. c4 Nf6 2. g3 g6 3. Bg2 Bg7 4. Nf3 O-O 5. O-O d6 6. d4 Nbd7 7. Nc3 e5 8. e4 c6
9. d5 cxd5 10. cxd5 Nc5 11. Bg5 h6 12. Bxf6 Qxf6 13. h3 a5 14. Re1 Bd7 15. a4
Rfc8 16. Nb5 Bxb5 17. axb5 b6 18. h4 Qe7 19. Bh3 Rf8 20. Kg2 Qe8 21. Qe2 f5 22.
exf5 gxf5 23. Qc4 Qg6 24. Ra2 Rac8 25. b4 axb4 26. Qxb4 Nd3 27. Qb1 Nxe1+ 28.
Qxe1 Rc5 29. Kh2 Rxb5 30. Qd1 Qf7 31. Rd2 Rc8 32. Bf1 Rbc5 33. Ba6 R8c7 34. Ne1
Rc1 35. Qe2 e4 36. Ng2 Be5 37. Ne3 Kh7 38. Nc4 Qf6 39. Nxb6 Qxh4+ 40. Kg2 Qh1#
0-1

[Event "AUTO-OPEN-957"]
[Site "http://www.queenalice.com/game.php?id=330852"]
[Date "2008.1.4"]
[Round "1"]
[White "leafar"]
[Black "Ivan1"]
[Result "1/2-1/2"]
[WhiteElo "1645"]
[BlackElo "1531"]

1. e4 c5 2. c4 d6 3. d3 g6 4. Nf3 Bg7 5. Nc3 Bg4 6. Be2 e6 7. O-O Ne7 8. Bg5 O-O
9. e5 dxe5 10. Nxe5 Bf5 11. Bf4 Nbc6 12. Nxc6 Nxc6 13. Qb3 b6 14. Nb5 Nd4 15.
Nxd4 Qxd4 16. Bc1 Be5 17. a4 Qh4 18. g3 Qh3 19. Bf3 Rad8 20. Be2 Bd4 21. Be3 e5
22. Bf3 Bxe3 23. fxe3 Rxd3 24. Qb5 Rd2 25. Rf2 Rfd8 26. Bg2 Qg4 27. Rxd2 Rxd2
28. Qe8+ Kg7 29. Qxe5+ Kf8 30. Rf1 Qe2 31. Qb8+ Kg7 32. Qe5+ Kg8 33. Qe8+ Kg7
34. Qe5+ Kf8 35. Qb8+ 1/2-1/2

[Event "AUTO-OPEN-957"]
[Site "http://www.queenalice.com/game.php?id=330853"]
[Date "2008.1.4"]
[Round "1"]
[White "Ivan1"]
[Black "leafar"]
[Result "0-1"]
[WhiteElo "1591"]
[BlackElo "1628"]

1. e4 e5 2. Nf3 d6 3. Bc4 Be7 4. Nc3 Nf6 5. Ng5 O-O 6. Bxf7+ Rxf7 7. Nxf7 Kxf7
8. h3 Nc6 9. d3 Be6 10. Qf3 Nd4 11. Qd1 c5 12. O-O Qb6 13. Ne2 Rf8 14. Ng3 a5
15. c3 Nc6 16. Qf3 Ke8 17. Nf5 Bxf5 18. Qxf5 g6 19. Qe6 Qa6 20. Bh6 Rf7 21. Qc8+
Nd8 22. c4 a4 23. b3 a3 24. Rab1 b5 25. cxb5 Qxc8 26. b4 cxb4 27. Rxb4 Qc3 28.
Rfb1 Qxd3 29. b6 Nxe4 30. b7 Nxb7 31. Rxb7 Bd8 32. Rb8 Nxf2 33. Bg5 Nxh3+ 34.
Kh2 Nxg5 35. R8b3 Qe4 36. Rb4 Qf5 37. Rd1 Nf3+ 38. gxf3 Qh5+ 39. Kg1 Rxf3 40.
Rd2 Rg3+ 41. Rg2 Qd1+ 42. Kh2 Rxg2+ 43. Kxg2 Qd2+ 0-1

[Event "AUTO-OPEN-957"]
[Site "http://www.queenalice.com/game.php?id=330900"]
[Date "2008.1.4"]
[Round "1"]
[White "Ivan1"]
[Black "mate_em_1"]
[Result "1-0"]
[WhiteElo "1504"]
[BlackElo "1674"]

1. e4 e5 2. Nf3 Qf6 3. Bc4 Bc5 4. d3 Nc6 5. Bg5 Qg6 6. c3 h6 7. Bh4 Qxg2 8. Rf1
Qh3 9. Qe2 g5 10. Bg3 Qg4 11. Rg1 h5 12. h4 gxh4 13. Bxh4 Qh3 14. Nbd2 d6 15.
O-O-O Na5 16. Rg3 Qd7 17. Rdg1 Nxc4 18. Rxg8+ 1-0

[Event "AUTO-OPEN-957"]
[Site "http://www.queenalice.com/game.php?id=330901"]
[Date "2008.1.4"]
[Round "1"]
[White "mate_em_1"]
[Black "Ivan1"]
[Result "0-1"]
[WhiteElo "1742"]
[BlackElo "1550"]

1. e4 c5 2. Bc4 d6 3. Qf3 e6 4. Ne2 Nf6 5. O-O g6 6. d4 cxd4 7. Nxd4 Bg7 8. Bg5
Nbd7 9. Nc3 O-O 10. Rae1 Ne5 11. Qe2 h6 12. Bf4 a6 13. Bxe5 dxe5 14. Nf3 Bd7 15.
Nxe5 b5 16. Bb3 b4 17. Na4 Bb5 18. Nc4 Nh5 19. Rd1 Qg5 20. c3 Nf4 21. Qf3 Be5
22. cxb4 h5 23. Nc3 h4 24. Nxb5 axb5 25. Ne3 h3 26. g3 Rad8 27. Ng4 Nh5 28. Qe2
Nf6 29. f4 Qh5 30. fxe5 Nxg4 31. Rxd8 Rxd8 32. Qxb5 Ne3 33. Qb6 Qg5 34. Rf6 Rf8
35. Qd6 Qg4 36. b5 Qe2 37. Rxg6+ Kh7 38. Rh6+ Kg7 0-1

[Event "Challenge"]
[Site "http://www.queenalice.com/game.php?id=331859"]
[Date "2008.1.6"]
[Round "-"]
[White "joaohumberto"]
[Black "Ivan1"]
[Result "0-1"]
[WhiteElo "1479"]
[BlackElo "1536"]

1. d4 d5 2. Nd2 c5 3. dxc5 e5 4. Ndf3 Nc6 5. Bg5 Be7 6. h4 Bg4 7. Qd2 h6 8. Bxe7
Qxe7 9. b4 Nf6 10. Nh2 O-O 11. f3 Bf5 12. g4 Be6 13. g5 hxg5 14. Qxg5 Nh7 15.
Qg2 Nd4 16. Ng4 Bxg4 17. fxg4 Nxc2+ 18. Kd2 Nxa1 19. Qxd5 Rad8 20. Qd6 Rxd6+ 21.
Kc3 Rfd8 22. Bg2 Rd1 23. g5 Qd7 24. Nf3 Rxh1 25. Bxh1 Qh3 26. Kc4 Qxh1 27. Nxe5
Qe4+ 28. Kb5 Qxe5 29. a3 Qxe2+ 30. Ka4 Qa6# 0-1

[Event "Challenge"]
[Site "http://www.queenalice.com/game.php?id=333933"]
[Date "2008.1.10"]
[Round "-"]
[White "charlao"]
[Black "Ivan1"]
[Result "0-1"]
[WhiteElo "1375"]
[BlackElo "1576"]

1. e4 e5 2. Nf3 Nc6 3. Bc4 Nf6 4. Nc3 Bc5 5. d3 O-O 6. O-O h6 7. a3 d6 8. h3 Nh5
9. Ng5 hxg5 10. Qxh5 Qe8 11. Bxg5 Be6 12. Bd5 a6 13. b4 Bd4 14. Bd2 Bxd5 15.
Nxd5 Qd7 16. c3 Bb6 17. Nxb6 cxb6 18. Qf3 Ne7 19. Qg3 Ng6 20. h4 Qe6 21. h5 Nf4
22. d4 Ne2+ 23. Kh1 Nxg3+ 24. Kg1 Nxh5 25. d5 Qg6 0-1

[Event "AUTO-OPEN-771"]
[Site "http://www.queenalice.com/game.php?id=395578"]
[Date "2008.4.29"]
[Round "2"]
[White "lucasboth"]
[Black "Ivan1"]
[Result "1-0"]
[WhiteElo "2145"]
[BlackElo "1584"]

1. e4 e5 2. Nf3 Nc6 3. Bb5 Nf6 4. O-O Nxe4 5. d4 Nxd4 6. Nxd4 exd4 7. Re1 f5 8.
f3 c6 9. fxe4 cxb5 10. Qh5+ g6 11. exf5+ Be7 12. fxg6 Kf8 13. Bh6+ Kg8 14. Qd5#
1-0

[Event "AUTO-OPEN-771"]
[Site "http://www.queenalice.com/game.php?id=395579"]
[Date "2008.4.29"]
[Round "2"]
[White "Ivan1"]
[Black "lucasboth"]
[Result "0-1"]
[WhiteElo "1629"]
[BlackElo "2153"]

1. e4 e5 2. Nf3 Nc6 3. Bc4 Bc5 4. d3 Nf6 5. Ng5 Bb4+ 6. c3 O-O 7. cxb4 d5 8.
exd5 Nxb4 9. d6 cxd6 10. Bxf7+ Rxf7 11. Qb3 Qc7 12. O-O Nc2 13. a4 Nxa1 14. Qa2
Nc2 15. Bd2 Bf5 16. Rc1 Bxd3 17. Qb3 Bg6 18. Na3 Nd4 19. Rxc7 Nxb3 20. Nxf7 Bxf7
21. Bg5 Nd5 22. Rxb7 Nc5 23. Rb5 a6 24. Ra5 Nb3 25. Rxd5 Bxd5 26. Nb1 Bb7 27.
Nc3 d5 28. Ne2 Rc8 29. f3 d4 30. h3 h6 31. Bh4 Rc2 32. Ng3 g5 0-1

[Event "AUTO-OPEN-771"]
[Site "http://www.queenalice.com/game.php?id=395586"]
[Date "2008.4.29"]
[Round "2"]
[White "Ivan1"]
[Black "levi"]
[Result "0-1"]
[WhiteElo "1631"]
[BlackElo "2341"]

1. e4 e5 2. Nf3 Nc6 3. Bc4 Nf6 4. d3 Be7 5. Ng5 d5 6. exd5 Nxd5 7. Ne4 Bf5 8.
O-O O-O 9. Qf3 Nd4 10. Qd1 Nb4 11. a3 Ndxc2 12. axb4 Nxa1 13. Bd2 Bxe4 14. dxe4
Qd4 15. Qe2 Qxb2 16. Nc3 Nb3 17. Rb1 Qxd2 18. Rxb3 Qxe2 19. Nxe2 a5 20. bxa5
Rxa5 21. Rb1 Rfa8 22. Nc3 Ra1 23. g3 Bb4 24. Bd3 Bxc3 25. Kg2 Rxb1 26. Bxb1 c5
27. Kf3 c4 28. Ke2 Ra1 29. Bc2 Re1+ 30. Kf3 b5 31. Kg4 Rc1 32. f4 Rxc2 33. fxe5
Rf2 34. h4 Bxe5 35. h5 c3 36. Kh4 c2 37. h6 gxh6 0-1

[Event "AUTO-OPEN-771"]
[Site "http://www.queenalice.com/game.php?id=395587"]
[Date "2008.4.29"]
[Round "2"]
[White "levi"]
[Black "Ivan1"]
[Result "1-0"]
[WhiteElo "2349"]
[BlackElo "1611"]

1. e4 c5 2. Nf3 d6 3. d4 cxd4 4. Nxd4 e5 5. Nf3 Nf6 6. Nc3 Be6 7. Bg5 Be7 8.
Bb5+ Nc6 9. O-O O-O 10. Re1 a6 11. Ba4 b5 12. Bb3 Bxb3 13. axb3 b4 14. Bxf6 bxc3
15. Bxe7 Qxe7 16. bxc3 Rfd8 17. Qd5 Na7 18. Rxa6 Qd7 19. Rea1 h6 20. b4 Nb5 21.
Rxa8 Rxa8 22. Rxa8+ Kh7 23. Nxe5 Qc7 24. Ng6 Nxc3 25. Rh8+ Kxg6 26. Qf5# 1-0

[Event "AUTO-OPEN-957"]
[Site "http://www.queenalice.com/game.php?id=414328"]
[Date "2008.6.6"]
[Round "2"]
[White "Ivan1"]
[Black "cunha"]
[Result "0-1"]
[WhiteElo "1633"]
[BlackElo "2375"]

1. e4 c5 2. Bc4 e6 3. Nf3 d6 4. O-O Nf6 5. Nc3 Be7 6. Re1 Nc6 7. d4 cxd4 8. Nxd4
O-O 9. Bg5 a6 10. a3 Qc7 11. Bb3 Na5 12. e5 dxe5 13. Nf3 h6 14. Bxf6 Bxf6 15.
Qd3 b5 16. Ba2 Bb7 17. Rad1 Rad8 18. Qe2 Nc6 19. Bb1 Nd4 20. Nxd4 exd4 21. Ne4
Bxe4 22. Qxe4 e5 23. c3 g6 24. h4 Bg7 25. h5 f5 26. Ba2+ Kh8 27. Qe2 dxc3 28.
bxc3 g5 29. c4 Qc5 30. Qe3 Qxe3 31. fxe3 e4 32. Rxd8 Rxd8 33. c5 Rd3 34. c6 Be5
35. Rc1 Bc7 36. Be6 f4 37. exf4 gxf4 38. Bf5 Rd4 39. Bg4 Kg7 40. Be2 Kf6 41. Rf1
Ke5 42. Kh2 Kd5 43. Rd1 Rxd1 44. Bxd1 Kxc6 45. Kg1 Kc5 46. a4 b4 47. Bb3 Kd4 48.
Kf1 Kc3 49. Bd5 e3 50. Ke2 b3 51. Kd1 b2 52. Ba2 Kb4 53. Bb1 Kxa4 54. Bc2+ Kb4
55. Ke2 a5 56. Kd1 a4 57. Bb1 a3 58. Ba2 Kc3 59. Bb1 Kb3 60. Bc2+ Ka2 61. Ke2
b1=Q 62. Bxb1+ Kxb1 63. g4 a2 64. g5 a1=Q 65. gxh6 Kc2 66. Kf3 Kd3 67. h7 Qg7
68. h8=Q Qg3# 0-1

[Event "AUTO-OPEN-957"]
[Site "http://www.queenalice.com/game.php?id=414329"]
[Date "2008.6.6"]
[Round "2"]
[White "cunha"]
[Black "Ivan1"]
[Result "1-0"]
[WhiteElo "2370"]
[BlackElo "1635"]

1. d4 d5 2. c4 Nf6 3. Nf3 e6 4. Nc3 Bb4 5. Bg5 Nbd7 6. cxd5 exd5 7. a3 Bxc3+ 8.
bxc3 O-O 9. e3 Re8 10. Bd3 c6 11. O-O Qe7 12. Qc2 Nf8 13. Ne5 Qe6 14. f4 Ng4 15.
f5 Qd6 16. Nxg4 h5 17. Bf4 Qe7 18. Ne5 c5 19. dxc5 Qxc5 20. Rf3 Nd7 21. Nxd7
Bxd7 22. Rg3 Qe7 23. Bh6 Qe5 24. Bxg7 Qxg7 25. Rxg7+ Kxg7 26. Qf2 f6 27. Qg3+
Kf8 28. Qd6+ Re7 29. Qxf6+ Rf7 30. Qh8+ Ke7 31. Qxa8 Bc6 32. Qxa7 h4 33. Rb1 Rg7
34. Rxb7+ Bxb7 35. Qxb7+ Kf6 36. Qxg7+ Kxg7 37. a4 Kf7 38. a5 Ke7 39. a6 Kd7 40.
a7 1-0